Multiple Choice City Quiz – Macau - Statistics

General Stats
  • This quiz has been taken 42 times
    9 since last reset
  • The average score is 3 of 10
Answer Stats
Question Answer % Correct
What river delta is Macau on? Pearl River Delta
71%
What country had Macau before China? Portugal
71%
What is the largest minority in Macau? Filipinos
43%
What does the whole of Macau earn the record of? Most Densely Populated territory on Earth
43%
What is Macau in terms of subdivision? Special Administrative Region
43%
What country doesn't have Macau as a sister city for one of their cities? United Kingdom
29%
Which of these buildings isn't actually in Macau?
14%
What nickname is given to Macau? Gambling Capital of the World
14%
The bridge connecting Hong Kong and Macau also connects to what city? Zhuhai
14%
What is the supposed etymology of Macau? Verbal misunderstanding from the locals.
0%
No matching quizzes found
Score Distribution
Percent of People with Each Score
Percentile by Number Answered
Your Score History
You have not taken this quiz since the last reset